| 000 | 01068nam a2200229Ia 4500 | ||
|---|---|---|---|
| 003 | OSt | ||
| 005 | 20210923185845.0 | ||
| 008 | 210310s1987 ck fr 000 0 spa d | ||
| 040 |
_aCO-JMCR _cCO-JMCR |
||
| 041 | 0 | _aspa | |
| 082 | 0 | 4 |
_a362.5 / _bC718p _223 |
| 100 |
_aPautas Generales _917625 |
||
| 110 | 1 |
_aColombia. _bPresidencia de la República _92972 |
|
| 245 | 1 | 0 |
_aPlan de lucha contra la pobreza absoluta y para la generación de empleo : _bacción inmediata sobre los municipios más pobres del país, pautas generales / _cPresidencia de la República |
| 260 |
_aBogotá : _bPresidencia de la República, _c1987 |
||
| 300 |
_a103 páginas ; _c22 cm. |
||
| 505 | 0 | _aPasos y modelos de gestión a seguir para participar en el plan de acción inmediata -- Recursos -- Presupuesto, plazo y alcance -- Presupuesto, plazo y alcance -- Organización institucional para el plan de acción inmediata | |
| 650 | 1 | 4 |
_aPobreza _917627 _zColombia |
| 650 | 2 | 4 |
_aCondiciones económicas _zColombia _96839 |
| 650 | 2 | 4 |
_aCondiciones sociales _zColombia _96840 |
| 942 |
_2ddc _cBK |
||
| 999 |
_c8559 _d8559 |
||